Root colonization and persistence of Purpureocillium lilacinum in rhizosphere as influenced by some crop species and meloidogyne incognita / Ms Thesis (Record no. 13546)

MARC details
000 -LEADER
fixed length control field 01045nam a22002537a 4500
003 - CONTROL NUMBER IDENTIFIER
control field BD-DhSAU
005 - DATE AND TIME OF LATEST TRANSACTION
control field 20220929161903.0
008 - FIXED-LENGTH DATA ELEMENTS--GENERAL INFORMATION
fixed length control field 161006b2015 bg ||||| |||| 00| 0 eng d
040 ## - CATALOGING SOURCE
Original cataloging agency BD-DhSAU
082 ## - DEWEY DECIMAL CLASSIFICATION NUMBER
Edition number 22
Classification number 581.2
Item number R1294
100 ## - MAIN ENTRY--PERSONAL NAME
Personal name Rahman, Md. Mostaqur.
Relator term Reg. No. # 09-03692
245 ## - TITLE STATEMENT
Title Root colonization and persistence of Purpureocillium lilacinum in rhizosphere as influenced by some crop species and meloidogyne incognita / Ms Thesis
260 ## - PUBLICATION, DISTRIBUTION, ETC. (IMPRINT)
Place of publication, distribution, etc. Sher e Bangla Agricultural University,
Name of publisher, distributor, etc. Department of Plant Pathology,
Date of publication, distribution, etc. 2015
300 ## - PHYSICAL DESCRIPTION
Extent ixi, 86 p. :
Other physical details ill. ;
Dimensions 29 cm.
590 ## - Name of Cataloguer
Name of Cataloger Kamim
650 ## - SUBJECT ADDED ENTRY--TOPICAL TERM
Topical term or geographic name as entry element Plant Pathology.
650 ## - SUBJECT ADDED ENTRY--TOPICAL TERM
Topical term or geographic name as entry element Root colonization and persistence
650 ## - SUBJECT ADDED ENTRY--TOPICAL TERM
Topical term or geographic name as entry element Purpureocillium lilacinum in rhizosphere as influenced by some crop species
650 ## - SUBJECT ADDED ENTRY--TOPICAL TERM
Topical term or geographic name as entry element meloidogyne incognita
700 ## - ADDED ENTRY--PERSONAL NAME
Personal name Aminuzzaman, F. M.
Relator term Supervisor
700 ## - ADDED ENTRY--PERSONAL NAME
Personal name Chowdhury, Shukti Rani.
Relator term Co-Supervisor
856 ## - ELECTRONIC LOCATION AND ACCESS
Uniform Resource Identifier <a href="http://archive.saulibrary.edu.bd:8080/xmlui/handle/123456789/4321">http://archive.saulibrary.edu.bd:8080/xmlui/handle/123456789/4321</a>
Link text Online Access
942 ## - ADDED ENTRY ELEMENTS (KOHA)
Source of classification or shelving scheme Dewey Decimal Classification
Koha item type MS Level Thesis
Holdings
Withdrawn status Lost status Source of classification or shelving scheme Damaged status Not for loan Collection code Home library Branch Name Shelving location Date acquired Total Checkouts Full call number Barcode Date last seen Price effective from Koha item type
    Dewey Decimal Classification   Not For Loan Reference SAU Library SAU Library Reference 05/10/2016   581.2 R1294 39717 06/10/2016 06/10/2016 MS Level Thesis